[Event "GRE-chT 45th"]
[Site "Achaia"]
[Date "2017.07.07"]
[Round "6.16"]
[White "Papadoulis, Vasilis"]
[Black "Palaskos, Ahileas"]
[Result "1/2-1/2"]
[WhiteElo "1612"]
[BlackElo "1803"]
[PlyCount "59"]
[EventDate "2017.07.03"]
[EventType "team-swiss"]
[EventRounds "7"]
[EventCountry "GRE"]
[SourceTitle "CBM 179 Extra"]
[Source "ChessBase"]
[SourceDate "2017.08.23"]
[SourceVersion "1"]
[SourceVersionDate "2017.08.23"]
[SourceQuality "1"]
[WhiteTeam "Volos IN"]
[BlackTeam "Triandrias Chess Intervention"]
[WhiteTeamCountry "GRE"]
[BlackTeamCountry "GRE"]

1. d4 Nf6 2. Nf3 e6 3. Bg5 c5 4. e3 b6 5. Nbd2 cxd4 6. exd4 Bb7 7. Be2 Be7 8. 0-0 d6 9. c4 Nbd7 10. b4 0-0 11. a3 Qc7 12. Rc1 Rac8 13. Bd3 Rfe8 14. Re1 Qb8 15. Ne4 Qa8 16. Nfd2 e5 17. Bxf6 Nxf6 18. Nxf6+ Bxf6 19. Ne4 Bxe4 20. Bxe4 Qb8 21. dxe5 Bxe5 22. Qd3 g6 23. Bd5 Kg7 24. g3 Rc7 25. Re3 Rce7 26. Rce1 Qc7 27. b5 Bf6 28. Bc6 Rxe3 29. fxe3 Re7 30. e4 1/2-1/2

[Event "GRE-chT 45th"]
[Site "Achaia"]
[Date "2017.07.04"]
[Round "2.15"]
[White "Hidzos, Georgios"]
[Black "Palaskos, Ahileas"]
[Result "1/2-1/2"]
[WhiteElo "1873"]
[BlackElo "1803"]
[PlyCount "107"]
[EventDate "2017.07.03"]
[EventType "team-swiss"]
[EventRounds "7"]
[EventCountry "GRE"]
[SourceTitle "CBM 179 Extra"]
[Source "ChessBase"]
[SourceDate "2017.08.23"]
[SourceVersion "1"]
[SourceVersionDate "2017.08.23"]
[SourceQuality "1"]
[WhiteTeam "Sykeon Neapolis"]
[BlackTeam "Triandrias Chess Intervention"]
[WhiteTeamCountry "GRE"]
[BlackTeamCountry "GRE"]

1. Nf3 Nf6 2. g3 d5 3. Bg2 c6 4. 0-0 Bg4 5. Ne5 Bh5 6. c4 e6 7. d3 Nbd7 8. Nxd7 Nxd7 9. Qc2 Be7 10. h3 Bg6 11. e4 dxe4 12. dxe4 e5 13. b3 0-0 14. Bb2 Qc7 15. Nc3 Rfd8 16. Ne2 f6 17. h4 a5 18. Bh3 Nc5 19. f3 Bf7 20. Kg2 Be6 21. Bf5 g6 22. Bxe6+ Nxe6 23. f4 Qd6 24. Rad1 Qc5 25. fxe5 fxe5 26. Qc3 Rxd1 27. Rxd1 Rf8 28. Rf1 Rxf1 29. Kxf1 Bf6 30. Qf3 Bg7 31. Qg4 Qf8+ 32. Kg2 Qf7 33. Ng1 h5 34. Qd1 Nd4 35. Bxd4 exd4 36. Nf3 c5 37. Qd3 Qe6 38. Ng5 Qe5 39. Qf3 Bf6 40. Nh3 Be7 41. Nf4 Kg7 42. Nd3 Qe6 43. e5 b6 44. Qe4 g5 45. hxg5 Bxg5 46. Qf3 Qg6 47. Nf2 h4 48. g4 Be3 49. Ne4 Kh7 50. Nf6+ Kh6 51. e6 Bg5 52. Ne4 Qxe6 53. Qf8+ Kg6 54. Kf3 1/2-1/2

[Event "GRE-chT 45th"]
[Site "Achaia"]
[Date "2017.07.03"]
[Round "1.15"]
[White "Palaskos, Ahileas"]
[Black "Kalogridis, Themistoklis"]
[Result "1-0"]
[WhiteElo "1803"]
[BlackElo "1072"]
[PlyCount "81"]
[EventDate "2017.07.03"]
[EventType "team-swiss"]
[EventRounds "7"]
[EventCountry "GRE"]
[SourceTitle "CBM 179 Extra"]
[Source "ChessBase"]
[SourceDate "2017.08.23"]
[SourceVersion "1"]
[SourceVersionDate "2017.08.23"]
[SourceQuality "1"]
[WhiteTeam "Triandrias Chess Intervention"]
[BlackTeam "Orekastro Marion Thunder"]
[WhiteTeamCountry "GRE"]
[BlackTeamCountry "GRE"]

1. e4 d6 2. d4 Nf6 3. Nc3 c6 4. f3 e5 5. Be3 Nbd7 6. Qd2 Be7 7. Bd3 0-0 8. Nge2 Qc7 9. 0-0 exd4 10. Nxd4 c5 11. Nf5 Ne5 12. Nxe7+ Qxe7 13. Bg5 Nxd3 14. Qxd3 Qe5 15. Bxf6 Qxf6 16. Rad1 Rd8 17. Rfe1 Be6 18. b3 Rd7 19. Nd5 Bxd5 20. Qxd5 Qe6 21. Qd3 Rad8 22. c4 h6 23. Qc2 Qg6 24. Rd5 Kf8 25. Red1 Ke7 26. Qf2 Qe6 27. h4 Kf8 28. h5 Ke7 29. Qg3 Kf8 30. Re1 Re8 31. Red1 Red8 32. R1d2 Kg8 33. Qf4 Kf8 34. g4 Qf6 35. Rf5 Qe7 36. g5 hxg5 37. Rxg5 Kg8 38. Rdg2 f6 39. Rg6 Rf8 40. Qf5 Kh7 41. Rxg7+ 1-0

[Event "GRE-chT 40th"]
[Site "Achaia"]
[Date "2012.07.01"]
[Round "2.5"]
[White "Palaskos, Ahileas"]
[Black "Ballas, Athanasios Panag"]
[Result "0-1"]
[WhiteElo "1788"]
[BlackElo "1840"]
[PlyCount "94"]
[EventDate "2012.06.30"]
[EventType "team-swiss"]
[EventRounds "7"]
[EventCountry "GRE"]
[SourceTitle "CBM 149 Extra"]
[Source "ChessBase"]
[SourceDate "2012.08.24"]
[SourceVersion "1"]
[SourceVersionDate "2012.08.24"]
[SourceQuality "1"]
[WhiteTeam "Triandrias"]
[BlackTeam "Thessaloniki"]
[WhiteTeamCountry "GRE"]
[BlackTeamCountry "GRE"]

1. e4 c5 2. Nf3 e6 3. d4 cxd4 4. Nxd4 Nc6 5. Nb5 d6 6. c4 Nf6 7. N5c3 a6 8. Be2 Nb8 9. 0-0 Nbd7 10. Bf4 Qc7 11. Nd2 b6 12. Re1 Bb7 13. Bf1 Be7 14. Rc1 0-0 15. Bg3 g6 16. f3 Nh5 17. Bf2 Rfe8 18. g3 Ng7 19. f4 Rac8 20. Qe2 e5 21. Nd5 Bxd5 22. cxd5 Qxc1 23. Rxc1 Rxc1 24. Qxa6 exf4 25. Kg2 fxg3 26. hxg3 Nc5 27. Bxc5 bxc5 28. Qd3 Rb8 29. b3 Ra8 30. a4 Bf6 31. Nc4 Rc3 32. Qd1 Rb8 33. Na5 Nh5 34. Bd3 Be5 35. Qd2 Nxg3 36. Nc6 Rbxb3 37. Nxe5 dxe5 38. Bc2 Ra3 39. a5 Nh5 40. a6 Nf4+ 41. Kf1 Rf3+ 42. Kg1 Rg3+ 43. Kh1 Rh3+ 44. Kg1 Rag3+ 45. Kf1 Rh1+ 46. Kf2 Rg2+ 47. Kf3 Rh3# 0-1

[Event "Thessaloniki Triandrias 4th"]
[Site "Thessaloniki"]
[Date "2011.04.29"]
[Round "4"]
[White "Palaskos, Ahileas"]
[Black "Giannopoulos, Ioannis"]
[Result "1/2-1/2"]
[WhiteElo "1774"]
[BlackElo "1652"]
[PlyCount "26"]
[EventDate "2011.04.26"]
[EventType "swiss"]
[EventRounds "7"]
[EventCountry "GRE"]
[SourceTitle "EXT 2024"]
[Source "ChessBase"]
[SourceDate "2023.10.10"]
[SourceVersion "1"]
[SourceVersionDate "2023.10.10"]
[SourceQuality "1"]

1. e4 c6 2. d4 d5 3. exd5 cxd5 4. Bd3 Nc6 5. c3 g6 6. Nf3 Bg4 7. Bf4 Bg7 8. h3 Bxf3 9. Qxf3 Nf6 10. Nd2 0-0 11. 0-0 a6 12. Qe2 b5 13. a3 Nd7 1/2-1/2

[Event "GRE-ch U14"]
[Site "Kallithea"]
[Date "2010.06.27"]
[Round "3"]
[White "Palaskos, Ahileas"]
[Black "Papadopoulos, Panayotis"]
[Result "1/2-1/2"]
[WhiteElo "1760"]
[BlackElo "1951"]
[PlyCount "73"]
[EventDate "2010.06.26"]
[EventType "swiss"]
[EventRounds "9"]
[EventCountry "GRE"]
[SourceTitle "EXT 2011"]
[Source "ChessBase"]
[SourceDate "2010.11.26"]
[SourceVersion "1"]
[SourceVersionDate "2010.11.26"]
[SourceQuality "1"]

1. e4 c5 2. Nf3 g6 3. d4 cxd4 4. Nxd4 Nc6 5. c4 Nf6 6. Nc3 d6 7. f3 Nxd4 8. Qxd4 Bg7 9. Be3 0-0 10. Qd2 Bd7 11. Rc1 Bc6 12. Be2 a5 13. 0-0 Nd7 14. Rfd1 Nc5 15. b3 Re8 16. Kh1 Qc8 17. Bf1 b6 18. Nd5 Qb7 19. Qf2 Reb8 20. Bg5 Bxd5 21. cxd5 Qd7 22. Be3 h5 23. Rc2 Kh7 24. Rdc1 Bh6 25. Bxh6 Kxh6 26. Qe3+ Kh7 27. a3 Rc8 28. h3 a4 29. b4 Nb3 30. Rxc8 Rxc8 31. Rxc8 Qxc8 32. Bb5 Na1 33. Bxa4 Qa6 34. Be8 Qf1+ 35. Kh2 f6 36. Qf4 Qe1 37. e5 1/2-1/2

[Event "GRE-chT 37th"]
[Site "Kallithea"]
[Date "2009.07.09"]
[Round "9"]
[White "Drakakis, Georgios"]
[Black "Palaskos, Ahileas"]
[Result "1-0"]
[WhiteElo "1784"]
[BlackElo "1759"]
[PlyCount "73"]
[EventDate "2009.07.03"]
[EventType "team-tourn"]
[EventRounds "9"]
[EventCountry "GRE"]
[SourceTitle "CBM 131 Extra"]
[Source "ChessBase"]
[SourceDate "2009.09.03"]
[SourceVersion "2"]
[SourceVersionDate "2009.09.16"]
[SourceQuality "1"]

1. e4 e5 2. Nf3 Nf6 3. d3 Nc6 4. Be2 d5 5. exd5 Nxd5 6. 0-0 Be7 7. c3 0-0 8. h3 Be6 9. Nh2 Kh8 10. Bg4 f5 11. Bf3 Qd7 12. Re1 Bf6 13. Nf1 Rad8 14. Ng3 g6 15. Na3 Bg7 16. Nc2 Nce7 17. Bg5 h6 18. Bxe7 Qxe7 19. d4 e4 20. Be2 Qd7 21. Qc1 c6 22. f3 exf3 23. Bxf3 Qd6 24. Ne2 g5 25. Ne3 Nxe3 26. Qxe3 Rde8 27. Qd2 g4 28. hxg4 fxg4 29. Be4 Bc4 30. Bc2 Qf6 31. Ng3 Qh4 32. Rxe8 Rxe8 33. Nf5 Re2 34. Qxe2 Bxe2 35. Nxh4 Bf6 36. Re1 Bxh4 37. Rxe2 1-0